Meaning and moral order : explorations in cultural analysis
Αποθηκεύτηκε σε:
| Κύριος συγγραφέας: | |
|---|---|
| Μορφή: | Βιβλίο |
| Γλώσσα: | English |
| Δημοσίευση: |
Berkeley :
University of California Press,
1987
|
| Θέματα: | |
| Ετικέτες: |
Προσθήκη ετικέτας
Δεν υπάρχουν, Καταχωρήστε ετικέτα πρώτοι!
|
MARC
| LEADER | 00000nam a2200000 i 4500 | ||
|---|---|---|---|
| 001 | 1/63565 | ||
| 008 | 930924s eng d | ||
| 020 | |a 0-520-05950-6 | ||
| 035 | |a ΛΕΣΒΟΣb10001231 |l 10001231 | ||
| 040 | |a GR-MY-UA |b gre |e aacr | ||
| 041 | 0 | |a eng | |
| 082 | 0 | |a 306.86 | |
| 100 | 1 | |a Wuthnow, Robert. | |
| 245 | 1 | 0 | |a Meaning and moral order : |b explorations in cultural analysis / |c Robert Wuthnow |
| 260 | |a Berkeley : |b University of California Press, |c 1987 | ||
| 300 | |a 435 p. | ||
| 504 | |a Includes bibliographical references and index | ||
| 650 | 0 | 0 | |a Religion and sociology. |
| 650 | 0 | 0 | |a Ethics. |
| 650 | 0 | 0 | |a Social ethics. |
| 650 | 0 | 0 | |a Ideology. |
| 650 | 0 | 0 | |a Culture. |
| 852 | |a INST |b LESVOS |e 19930924 |h 306 WUT |p 005100004675 |q 005100004675 |t BK |y 0 | ||
| 909 | |a Λ |b 012114 | ||